000 00332nam a2200133Ia 4500
008 240614s9999 xx 000 0 und d
041 _aeng
100 _aTippanna, Shekarraj
_9207520
245 _aSocio-Economic Status of Women
250 _a1st
260 _bCurrent
_c2021
_aAgra
300 _a181
650 _aSociology
_9119052
999 _c358650
_d358650